[Event "LSS WC-2013-P-00006"]
[Site "LSS email"]
[Date "2009.02.14"]
[Round "?"]
[White "Miranda, Marcus"]
[Black "Sanz, Pablo"]
[Result "1-0"]
[WhiteElo "2070"]
[BlackElo "2352"]
[PlyCount "39"]
[EventDate "2009.02.18"]
[EventType "tourn (corr)"]
[EventRounds "6"]
[EventCountry "GER"]
[SourceTitle "Corr 2011"]
[Source "ChessBase"]
[SourceDate "2010.08.31"]
[SourceVersion "1"]
[SourceVersionDate "2010.08.31"]
[SourceQuality "1"]

1. d4 e6 2. c4 Nf6 3. Nf3 c5 4. d5 exd5 5. cxd5 d6 6. Nc3 g6 7. e4 a6 8. a4 Bg4 9. Be2 Bxf3 10. Bxf3 Nbd7 11. 0-0 Bg7 12. Bf4 Qe7 13. a5 0-0 14. Re1 Rfe8 15. Qd2 Rac8 16. Be2 c4 17. f3 Nh5 18. Bg5 Bd4+ 19. Kh1 f6 20. Qxd4 1-0

[Event "LSS WC-2013-P-00006"]
[Site "LSS email"]
[Date "2009.02.14"]
[Round "?"]
[White "Sanz, Pablo"]
[Black "Caldwell, Justin"]
[Result "0-1"]
[WhiteElo "2318"]
[BlackElo "2182"]
[PlyCount "30"]
[EventDate "2009.02.18"]
[EventType "tourn (corr)"]
[EventRounds "6"]
[EventCountry "GER"]
[SourceTitle "Corr 2013"]
[Source "ChessBase"]
[SourceDate "2012.11.12"]
[SourceVersion "1"]
[SourceVersionDate "2012.11.12"]
[SourceQuality "1"]
[WhiteTeam "US of America"]
[BlackTeam "US of America"]
[WhiteTeamCountry "USA"]
[BlackTeamCountry "USA"]

1. e4 c5 2. Nf3 Nc6 3. d4 cxd4 4. Nxd4 Nf6 5. Nc3 e5 6. Ndb5 d6 7. Bg5 a6 8. Na3 b5 9. Bxf6 gxf6 10. Nd5 f5 11. c3 Bg7 12. exf5 Bxf5 13. Nc2 Be6 14. g3 0-0 15. Bg2 a5 0-1

[Event "LSS RM-2008-0-00026"]
[Site "LSS email"]
[Date "2009.02.08"]
[Round "?"]
[White "Buczinski, Henryk"]
[Black "Sanz, Pablo"]
[Result "1/2-1/2"]
[WhiteElo "2241"]
[BlackElo "2361"]
[PlyCount "62"]
[EventDate "2008.12.03"]
[EventType "tourn (corr)"]
[EventRounds "6"]
[EventCountry "GER"]
[SourceTitle "Corr 2011"]
[Source "ChessBase"]
[SourceDate "2010.08.31"]
[SourceVersion "1"]
[SourceVersionDate "2010.08.31"]
[SourceQuality "1"]

1. d4 Nf6 2. c4 e6 3. Nc3 Bb4 4. Qc2 0-0 5. a3 Bxc3+ 6. Qxc3 Qe8 7. g3 d6 8. Bg2 Nbd7 9. Nf3 Rb8 10. a4 b6 11. a5 b5 12. 0-0 bxc4 13. Qxc4 c5 14. Bf4 e5 15. dxe5 dxe5 16. Be3 e4 17. Nd2 Rb4 18. Qc2 Ba6 19. Rfb1 Qe5 20. Ra4 Rfb8 21. Rxb4 Rxb4 22. b3 h5 23. Rc1 h4 24. gxh4 Ng4 25. Nf1 Nxe3 26. Nxe3 Qe6 27. Rb1 Bb5 28. h5 Rd4 29. Rd1 a6 30. Rc1 Rb4 31. Rb1 Rd4 1/2-1/2

[Event "LSS RM-2008-0-00026"]
[Site "LSS email"]
[Date "2009.02.08"]
[Round "?"]
[White "Jovanovic, Bratislav"]
[Black "Sanz, Pablo"]
[Result "1/2-1/2"]
[WhiteElo "2071"]
[BlackElo "2361"]
[PlyCount "85"]
[EventDate "2008.12.03"]
[EventType "tourn (corr)"]
[EventRounds "6"]
[EventCountry "GER"]
[SourceTitle "Corr 2011"]
[Source "ChessBase"]
[SourceDate "2010.08.31"]
[SourceVersion "1"]
[SourceVersionDate "2010.08.31"]
[SourceQuality "1"]

1. d4 Nf6 2. c4 e6 3. Nc3 Bb4 4. e3 b6 5. Bd3 Bb7 6. Nf3 Ne4 7. Qc2 Bxc3+ 8. bxc3 f5 9. 0-0 0-0 10. Nd2 Qh4 11. f3 Nxd2 12. Bxd2 d6 13. Rae1 Nd7 14. e4 f4 15. Re2 Bc6 16. Qd1 Rf6 17. Bc2 a6 18. Qe1 Qh5 19. Bb3 a5 20. a3 a4 21. Ba2 Raf8 22. Qd1 Kh8 23. Bb1 e5 24. Bc2 Rh6 25. g4 Qf7 26. d5 Bb7 27. Be1 Ba6 28. Bd3 Nc5 29. Rb2 Rg6 30. h4 h5 31. g5 Qd7 32. Kh2 Kg8 33. Rh1 Nb3 34. Kg1 Rb8 35. Bf1 Bc8 36. Rhh2 Qe8 37. Rb1 Bd7 38. Rhb2 Qf7 39. Kh2 Bc8 40. Bf2 Qd7 41. Kg1 Ba6 42. Kh2 Bc8 43. Kg1 1/2-1/2

[Event "LSS CP-2007-Q-00002"]
[Site "LSS email"]
[Date "2009.01.15"]
[Round "?"]
[White "Kudryavtsev, Yaroslav Viktorovic"]
[Black "Sanz, Pablo"]
[Result "1-0"]
[WhiteElo "1896"]
[BlackElo "2352"]
[PlyCount "67"]
[EventDate "2009.01.15"]
[EventType "tourn (corr)"]
[EventRounds "6"]
[EventCountry "GER"]
[SourceTitle "Corr 2011"]
[Source "ChessBase"]
[SourceDate "2010.08.31"]
[SourceVersion "1"]
[SourceVersionDate "2010.08.31"]
[SourceQuality "1"]

1. e4 c5 2. Nf3 d6 3. d4 cxd4 4. Nxd4 Nf6 5. Nc3 a6 6. Bg5 e6 7. f4 Qb6 8. Qd2 Qxb2 9. Rb1 Qa3 10. f5 Nc6 11. fxe6 fxe6 12. Nxc6 bxc6 13. e5 dxe5 14. Bxf6 gxf6 15. Ne4 Qxa2 16. Rd1 Be7 17. Bd3 0-0 18. 0-0 f5 19. Qh6 Rf7 20. Rf3 Bd7 21. Bf1 Rd8 22. Rg3+ Kh8 23. Qh5 Be8 24. Ng5 Rxd1 25. Nxf7+ Bxf7 26. Qxd1 Qd5 27. Rd3 Qc5+ 28. Kh1 a5 29. Qa1 Kg7 30. Rb3 Kf6 31. Qe1 Bg6 32. Qh4+ Kf7 33. Rb7 e4 34. Bc4 1-0

[Event "LSS CP-2007-Q-00002"]
[Site "LSS email"]
[Date "2009.01.15"]
[Round "?"]
[White "Sanz, Pablo"]
[Black "Morin, Stephane"]
[Result "0-1"]
[WhiteElo "2352"]
[BlackElo "2079"]
[PlyCount "42"]
[EventDate "2009.01.15"]
[EventType "tourn (corr)"]
[EventRounds "6"]
[EventCountry "GER"]
[SourceTitle "Corr 2011"]
[Source "ChessBase"]
[SourceDate "2010.08.31"]
[SourceVersion "1"]
[SourceVersionDate "2010.08.31"]
[SourceQuality "1"]

1. e4 Nc6 2. Nf3 Nf6 3. e5 Ng4 4. d4 d6 5. h3 Nh6 6. Bb5 a6 7. Bxc6+ bxc6 8. 0-0 e6 9. Bxh6 gxh6 10. Re1 Bg7 11. Qd3 0-0 12. Qc3 Rb8 13. Nbd2 Bb7 14. Rad1 Qe7 15. b4 f6 16. exd6 cxd6 17. Nc4 Rbe8 18. Re3 Ba8 19. Rde1 e5 20. dxe5 fxe5 21. Qd3 Rd8 0-1

[Event "LSS CP-2007-Q-00002"]
[Site "LSS email"]
[Date "2009.01.15"]
[Round "?"]
[White "Sanz, Pablo"]
[Black "Pintor, Manuel Abranches"]
[Result "0-1"]
[WhiteElo "2352"]
[BlackElo "2178"]
[PlyCount "42"]
[EventDate "2009.01.15"]
[EventType "tourn (corr)"]
[EventRounds "6"]
[EventCountry "GER"]
[SourceTitle "Corr 2011"]
[Source "ChessBase"]
[SourceDate "2010.08.31"]
[SourceVersion "1"]
[SourceVersionDate "2010.08.31"]
[SourceQuality "1"]

1. e4 e5 2. Nf3 Nc6 3. Bb5 a6 4. Ba4 Nf6 5. 0-0 Be7 6. Re1 b5 7. Bb3 d6 8. c3 0-0 9. h3 Bb7 10. d4 Re8 11. Nbd2 Bf8 12. d5 Na5 13. Bc2 c6 14. b4 Nc4 15. Nxc4 bxc4 16. dxc6 Bxc6 17. Bg5 a5 18. a4 axb4 19. cxb4 Bb7 20. b5 Be7 21. Bd2 d5 0-1

[Event "LSS RM-2008-0-00022"]
[Site "LSS email"]
[Date "2008.12.04"]
[Round "?"]
[White "Buczinski, Henryk"]
[Black "Sanz, Pablo"]
[Result "1/2-1/2"]
[WhiteElo "2294"]
[BlackElo "2259"]
[PlyCount "54"]
[EventDate "2008.10.28"]
[EventType "tourn (corr)"]
[EventRounds "6"]
[EventCountry "GER"]
[SourceTitle "Corr 2011"]
[Source "ChessBase"]
[SourceDate "2010.08.31"]
[SourceVersion "1"]
[SourceVersionDate "2010.08.31"]
[SourceQuality "1"]

1. e4 e6 2. d4 d5 3. Nc3 Bb4 4. e5 c5 5. a3 Bxc3+ 6. bxc3 Ne7 7. Nf3 Nbc6 8. Be2 Qa5 9. Bd2 b6 10. 0-0 Ba6 11. c4 Qa4 12. cxd5 exd5 13. dxc5 bxc5 14. Re1 Bxe2 15. Qxe2 0-0 16. Qe3 Qc4 17. Qb3 Qxb3 18. cxb3 a5 19. e6 a4 20. b4 cxb4 21. exf7+ Rxf7 22. axb4 Nf5 23. Ne5 Rf6 24. Nd7 Rg6 25. b5 Ncd4 26. b6 Nd6 27. Ne5 Re6 1/2-1/2

[Event "LSS RM-2008-0-00022"]
[Site "LSS email"]
[Date "2008.12.03"]
[Round "?"]
[White "Borisovs, Leonids"]
[Black "Sanz, Pablo"]
[Result "1/2-1/2"]
[WhiteElo "2234"]
[BlackElo "2247"]
[PlyCount "55"]
[EventDate "2008.10.28"]
[EventType "tourn (corr)"]
[EventRounds "6"]
[EventCountry "GER"]
[SourceTitle "Corr 2011"]
[Source "ChessBase"]
[SourceDate "2010.08.31"]
[SourceVersion "1"]
[SourceVersionDate "2010.08.31"]
[SourceQuality "1"]

1. e4 e6 2. d4 d5 3. Nc3 Bb4 4. e5 c5 5. a3 Bxc3+ 6. bxc3 Ne7 7. Qg4 0-0 8. Bd3 Nbc6 9. Qh5 Ng6 10. Nf3 Qc7 11. Be3 c4 12. Bxg6 fxg6 13. Qg4 Bd7 14. h4 Rf5 15. Ng1 Ne7 16. Ne2 Raf8 17. Bg5 Ba4 18. Rc1 Nc6 19. 0-0 Qd7 20. f3 Ne7 21. Rf2 Re8 22. Ng3 Rf7 23. h5 gxh5 24. Nxh5 Ng6 25. f4 Qc8 26. Rcf1 Bd7 27. Rf3 Qc7 28. Rb1 1/2-1/2

[Event "LSS RM-2008-0-00022"]
[Site "LSS email"]
[Date "2008.12.03"]
[Round "?"]
[White "Hicdoenmez, Hakan"]
[Black "Sanz, Pablo"]
[Result "0-1"]
[WhiteElo "2198"]
[BlackElo "2259"]
[PlyCount "66"]
[EventDate "2008.10.28"]
[EventType "tourn (corr)"]
[EventRounds "6"]
[EventCountry "GER"]
[SourceTitle "Corr 2011"]
[Source "ChessBase"]
[SourceDate "2010.08.31"]
[SourceVersion "1"]
[SourceVersionDate "2010.08.31"]
[SourceQuality "1"]

1. e4 e6 2. d4 d5 3. Nc3 Bb4 4. e5 c5 5. a3 Bxc3+ 6. bxc3 Ne7 7. Qg4 0-0 8. Nf3 Nbc6 9. Bd3 f5 10. exf6 Rxf6 11. Qh5 h6 12. 0-0 c4 13. Be2 Ng6 14. Nh4 Nf4 15. Bxf4 Rxf4 16. g3 Rf6 17. f4 Bd7 18. Qf3 Ne7 19. Qe3 Ba4 20. Qd2 Nc8 21. Bf3 Be8 22. Rae1 Ne7 23. Bg4 Qd6 24. Qe3 Bf7 25. f5 Nxf5 26. Bxf5 exf5 27. Nxf5 Qa6 28. Ne7+ Kh7 29. Qe5 Rd8 30. Rxf6 Qxf6 31. Qxf6 gxf6 32. Nf5 Rd7 33. Kf2 Bg6 0-1

[Event "LSS RM-2008-0-00021"]
[Site "LSS email"]
[Date "2008.11.24"]
[Round "?"]
[White "Sanz, Pablo"]
[Black "Skeels, Jim"]
[Result "1/2-1/2"]
[WhiteElo "2361"]
[BlackElo "2242"]
[PlyCount "134"]
[EventDate "2008.10.28"]
[EventType "tourn (corr)"]
[EventRounds "6"]
[EventCountry "GER"]
[SourceTitle "Corr 2011"]
[Source "ChessBase"]
[SourceDate "2010.08.31"]
[SourceVersion "1"]
[SourceVersionDate "2010.08.31"]
[SourceQuality "1"]

1. c4 g6 2. g3 Bg7 3. Bg2 Nf6 4. d4 c5 5. d5 0-0 6. Nc3 e6 7. Nf3 exd5 8. cxd5 d6 9. 0-0 Re8 10. Nd2 a6 11. a4 Nbd7 12. h3 Rb8 13. Nc4 Nb6 14. Na3 Bd7 15. e4 Nxa4 16. Nxa4 b5 17. Nxc5 dxc5 18. Re1 b4 19. Nc4 Bb5 20. Na5 Nd7 21. f4 Bd4+ 22. Kh2 Rc8 23. e5 Qc7 24. d6 Qb6 25. Bb7 Rcd8 26. Bd5 Kg7 27. Nc4 Qa7 28. Be3 Nb6 29. Nxb6 Bxe3 30. Na8 Rxa8 31. Rxe3 c4 32. Qd2 Rad8 33. Re4 c3 34. bxc3 bxc3 35. Qxc3 Qf2+ 36. Kh1 Rc8 37. Qe3 Qb2 38. Qe1 Rc3 39. Ra2 Qc1 40. Kh2 Rc2+ 41. Kg1 Rec8 42. Qxc1 Rxc1+ 43. Kh2 R8c2+ 44. Rxc2 Rxc2+ 45. Kg1 a5 46. Rc4 Bxc4 47. d7 Rd2 48. d8Q Rxd5 49. Qf6+ Kg8 50. g4 Rd1+ 51. Kf2 Rd2+ 52. Ke3 Rd3+ 53. Ke4 Rxh3 54. f5 gxf5+ 55. gxf5 Bd3+ 56. Kf4 Bxf5 57. Qxf5 Rh6 58. Qg5+ Rg6 59. Qd8+ Kg7 60. Qxa5 Re6 61. Qc3 Kg8 62. Kf5 Rg6 63. Qc8+ Kg7 64. Qb7 Kg8 65. Qd7 Kg7 66. Qd4 Kg8 67. Qd5 Kg7 1/2-1/2

[Event "LSS SM-2008-0-00026"]
[Site "LSS email"]
[Date "2008.08.03"]
[Round "?"]
[White "Jovanovic, Bratislav"]
[Black "Sanz, Pablo"]
[Result "1/2-1/2"]
[WhiteElo "2136"]
[BlackElo "2318"]
[PlyCount "37"]
[EventDate "2008.08.01"]
[EventType "tourn (corr)"]
[EventRounds "6"]
[EventCountry "GER"]
[SourceTitle "Corr 2013"]
[Source "ChessBase"]
[SourceDate "2012.11.12"]
[SourceVersion "1"]
[SourceVersionDate "2012.11.12"]
[SourceQuality "1"]
[WhiteTeam "US of America"]
[BlackTeam "US of America"]
[WhiteTeamCountry "USA"]
[BlackTeamCountry "USA"]

1. e4 e6 2. d4 d5 3. Nd2 c5 4. exd5 Qxd5 5. Ngf3 cxd4 6. Bc4 Qd6 7. 0-0 Nf6 8. Nb3 Nc6 9. Nbxd4 Nxd4 10. Nxd4 a6 11. Bb3 Qc7 12. Bg5 Bd6 13. Kh1 e5 14. Ne2 Ne4 15. Be3 0-0 16. Ng3 Nxg3+ 17. fxg3 Bd7 18. Qd3 Be7 19. Qe4 1/2-1/2

[Event "LSS SM-2008-0-00026"]
[Site "LSS email"]
[Date "2008.08.03"]
[Round "?"]
[White "Sanz, Pablo"]
[Black "Bendig, Frank"]
[Result "1/2-1/2"]
[WhiteElo "2248"]
[BlackElo "2335"]
[PlyCount "49"]
[EventDate "2008.08.01"]
[EventType "tourn (corr)"]
[EventRounds "6"]
[EventCountry "GER"]
[SourceTitle "Corr 2013"]
[Source "ChessBase"]
[SourceDate "2012.11.12"]
[SourceVersion "1"]
[SourceVersionDate "2012.11.12"]
[SourceQuality "1"]
[WhiteTeam "US of America"]
[BlackTeam "US of America"]
[WhiteTeamCountry "USA"]
[BlackTeamCountry "USA"]

1. c4 c5 2. g3 Nc6 3. Bg2 Nf6 4. Nc3 e6 5. Nf3 Be7 6. d4 cxd4 7. Nxd4 Qa5 8. Ndb5 0-0 9. Bd2 a6 10. Nd5 Qd8 11. Nxe7+ Qxe7 12. Nc3 d5 13. cxd5 exd5 14. Bg5 Be6 15. 0-0 Rfd8 16. Rc1 h6 17. Bxf6 Qxf6 18. b3 d4 19. Na4 Qe7 20. Qd2 Rac8 21. Nc5 Bd5 22. Bxd5 Rxd5 23. Nd3 Re8 24. Rc2 Rd6 25. Re1 1/2-1/2

[Event "LSS SM-2008-0-00022"]
[Site "LSS email"]
[Date "2008.07.08"]
[Round "?"]
[White "Mueller Alves, Martin"]
[Black "Sanz, Pablo"]
[Result "1/2-1/2"]
[WhiteElo "2305"]
[BlackElo "2318"]
[PlyCount "48"]
[EventDate "2008.07.02"]
[EventType "tourn (corr)"]
[EventRounds "6"]
[EventCountry "GER"]
[SourceTitle "Corr 2013"]
[Source "ChessBase"]
[SourceDate "2012.11.12"]
[SourceVersion "1"]
[SourceVersionDate "2012.11.12"]
[SourceQuality "1"]
[WhiteTeam "US of America"]
[BlackTeam "US of America"]
[WhiteTeamCountry "USA"]
[BlackTeamCountry "USA"]

1. e4 e6 2. d4 d5 3. Nd2 c5 4. exd5 Qxd5 5. Ngf3 cxd4 6. Bc4 Qd6 7. 0-0 Nf6 8. Nb3 Nc6 9. Nbxd4 Nxd4 10. Nxd4 a6 11. Bb3 Qc7 12. Qf3 Bd6 13. h3 0-0 14. Bg5 Nd7 15. c4 Nc5 16. Bc2 e5 17. Nf5 Bxf5 18. Bxf5 g6 19. Rad1 Rfe8 20. Be4 Be7 21. Bxe7 Rxe7 22. Bd5 Rae8 23. Qe3 e4 24. Rd2 a5 1/2-1/2

[Event "LSS SM-2008-0-00022"]
[Site "LSS email"]
[Date "2008.07.08"]
[Round "?"]
[White "Sanz, Pablo"]
[Black "Simmelink, Joop Theo"]
[Result "1-0"]
[WhiteElo "2318"]
[BlackElo "2171"]
[PlyCount "77"]
[EventDate "2008.07.02"]
[EventType "tourn (corr)"]
[EventRounds "6"]
[EventCountry "GER"]
[SourceTitle "Corr 2013"]
[Source "ChessBase"]
[SourceDate "2012.11.12"]
[SourceVersion "1"]
[SourceVersionDate "2012.11.12"]
[SourceQuality "1"]
[WhiteTeam "US of America"]
[BlackTeam "US of America"]
[WhiteTeamCountry "USA"]
[BlackTeamCountry "USA"]

1. e4 e5 2. Nf3 Nc6 3. Bb5 a6 4. Ba4 Nf6 5. 0-0 Be7 6. Re1 b5 7. Bb3 d6 8. c3 0-0 9. h3 Na5 10. Bc2 d5 11. d4 dxe4 12. Nxe5 c5 13. Be3 Bb7 14. Nd2 Qc7 15. Qb1 cxd4 16. Bxd4 Bd6 17. Ng4 Nxg4 18. hxg4 Bh2+ 19. Kh1 f5 20. gxf5 Bf4 21. Nxe4 Rxf5 22. Qd1 Qc6 23. Qg4 Qh6+ 24. Kg1 Bh2+ 25. Kf1 Raf8 26. g3 Nc4 27. Bb3 Bc8 28. Be3 Qc6 29. Qh4 g6 30. Bd4 Rh5 31. Qe7 Bh3+ 32. Ke2 Rf7 33. Nf6+ Rxf6 34. Bxc4+ Qxc4+ 35. Kd2 Rf7 36. Qd8+ Rf8 37. Re8 Rhf5 38. Rxf8+ Rxf8 39. Qe7 1-0

[Event "LSS RM-2008-0-00009"]
[Site "LSS email"]
[Date "2008.06.15"]
[Round "?"]
[White "Amann, Klaus"]
[Black "Sanz, Pablo"]
[Result "1/2-1/2"]
[WhiteElo "2106"]
[BlackElo "2249"]
[PlyCount "63"]
[EventDate "2008.06.02"]
[EventType "tourn (corr)"]
[EventRounds "6"]
[EventCountry "GER"]
[SourceTitle "Corr 2011"]
[Source "ChessBase"]
[SourceDate "2010.08.31"]
[SourceVersion "1"]
[SourceVersionDate "2010.08.31"]
[SourceQuality "1"]

1. e4 d5 2. exd5 Qxd5 3. Nc3 Qd6 4. d4 Nf6 5. Nf3 a6 6. g3 Bg4 7. Bg2 c6 8. 0-0 e6 9. Bf4 Qd8 10. h3 Bxf3 11. Qxf3 Qxd4 12. Rad1 Qb6 13. Rd2 Bb4 14. a3 Be7 15. Rfd1 Nbd7 16. b4 e5 17. Bg5 h6 18. Bxf6 Nxf6 19. Ne4 Qc7 20. h4 Nxe4 21. Qxe4 Rd8 22. Rxd8+ Bxd8 23. h5 Bg5 24. Qf5 Ke7 25. Bh3 Rd8 26. Rxd8 Kxd8 27. c4 Ke7 28. c5 Bc1 29. Qc2 Bg5 30. Qf5 Bc1 31. Qc2 Bg5 32. Qf5 1/2-1/2

[Event "LSS RM-2008-0-00009"]
[Site "LSS email"]
[Date "2008.06.15"]
[Round "?"]
[White "Sanz, Pablo"]
[Black "Moormann, Joerg"]
[Result "0-1"]
[WhiteElo "2249"]
[BlackElo "2217"]
[PlyCount "116"]
[EventDate "2008.06.02"]
[EventType "tourn (corr)"]
[EventRounds "6"]
[EventCountry "GER"]
[SourceTitle "Corr 2013"]
[Source "ChessBase"]
[SourceDate "2012.11.12"]
[SourceVersion "1"]
[SourceVersionDate "2012.11.12"]
[SourceQuality "1"]

1. c4 Nf6 2. g3 e5 3. Bg2 d5 4. cxd5 Nxd5 5. Nf3 Nc6 6. 0-0 Nb6 7. d3 Be7 8. Nc3 0-0 9. Be3 Be6 10. Qc1 f5 11. Rd1 Nd5 12. Ng5 Bxg5 13. Bxg5 Qd7 14. e4 Nb6 15. Be3 f4 16. gxf4 exf4 17. Bxf4 Nd4 18. Re1 Bh3 19. Bg3 h5 20. f4 Bxg2 21. Kxg2 h4 22. Bxh4 g5 23. Bg3 gxf4 24. Bxf4 Qg4+ 25. Bg3 Rf3 26. Qd1 Raf8 27. Re3 R8f4 28. Rxf3 Rxf3 29. Qd2 Na4 30. Re1 Nc5 31. Re3 Qg5 32. Nd5 Nce6 33. Qe1 Rf7 34. Qg1 c6 35. Nc3 Kh7 36. e5 Nf5 37. Re4 Qh5 38. Qd1 Qh6 39. Qg1 Ng5 40. Rf4 Nh3 41. Rxf5 Rxf5 42. Qd4 Nf4+ 43. Bxf4 Rxf4 44. Qd7+ Qg7+ 45. Qxg7+ Kxg7 46. Ne4 Kf7 47. Kg3 Rf1 48. Kg4 Ke6 49. d4 Kd5 50. Nd6 Rf8 51. Nf5 Ke4 52. Ne7 Rf2 53. Ng6 Rg2+ 54. Kh5 Rxb2 55. Kg5 Rxh2 56. e6 Kxd4 57. e7 Re2 58. Kf6 Re4 0-1

[Event "LSS RM-2008-0-00009"]
[Site "LSS email"]
[Date "2008.06.15"]
[Round "?"]
[White "Sanz, Pablo"]
[Black "Zakharov, Oleg Yu"]
[Result "1/2-1/2"]
[WhiteElo "2249"]
[BlackElo "2205"]
[PlyCount "114"]
[EventDate "2008.06.02"]
[EventType "tourn (corr)"]
[EventRounds "6"]
[EventCountry "GER"]
[SourceTitle "Corr 2022"]
[Source "ChessBase"]
[SourceDate "2021.10.24"]
[SourceVersion "1"]
[SourceVersionDate "2021.10.24"]
[SourceQuality "1"]

1. e4 c5 2. Nf3 Nc6 3. d4 cxd4 4. Nxd4 Nf6 5. Nc3 d6 6. Bg5 e6 7. Qd2 a6 8. 0-0-0 h6 9. Nxc6 bxc6 10. Bf4 d5 11. Qe3 Bb4 12. a3 Ba5 13. exd5 cxd5 14. Be2 0-0 15. Qg3 Bxc3 16. Qxc3 Bd7 17. Kb1 Rc8 18. Qe3 Bb5 19. Bf3 Nd7 20. Bd6 Re8 21. b3 Rc6 22. Bg3 Qe7 23. c4 Qxa3 24. cxb5 axb5 25. Qd2 Qxb3+ 26. Qb2 Qa4 27. Rd3 Ra8 28. Rc1 Nc5 29. Rdd1 b4 30. Bd6 Rxd6 31. Rxc5 b3 32. Rc3 Rb6 33. Rdd3 Rb5 34. Bd1 Qa7 35. Rxb3 Ra5 36. Qd4 Ra1+ 37. Kc2 Qc7+ 38. Rdc3 R8a2+ 39. Rb2 Qa5 40. Rcb3 e5 41. Qxe5 Qc5+ 42. Kd3 Qc4+ 43. Ke3 Qc1+ 44. Kf3 Rxb2 45. Rxb2 Qxd1+ 46. Kg3 Qd3+ 47. f3 Kh7 48. h4 Qg6+ 49. Kh2 Ra4 50. Kh3 d4 51. g4 Qe6 52. Qxe6 fxe6 53. Rb6 e5 54. Rb5 Ra3 55. Rxe5 Rxf3+ 56. Kg2 Rd3 57. h5 Kg8 1/2-1/2

[Event "LSS BI-2008-P-00007"]
[Site "LSS email"]
[Date "2008.04.27"]
[Round "?"]
[White "Sanz, Pablo"]
[Black "Lanin, Boris Aleksandrovic"]
[Result "1-0"]
[WhiteElo "2243"]
[BlackElo "2074"]
[PlyCount "73"]
[EventDate "2008.04.27"]
[EventType "tourn (corr)"]
[EventRounds "10"]
[EventCountry "GER"]
[SourceTitle "Corr 2013"]
[Source "ChessBase"]
[SourceDate "2012.11.12"]
[SourceVersion "1"]
[SourceVersionDate "2012.11.12"]
[SourceQuality "1"]
[WhiteTeam "US of America"]
[BlackTeam "US of America"]
[WhiteTeamCountry "USA"]
[BlackTeamCountry "USA"]

1. c4 e5 2. g3 Nf6 3. Bg2 c6 4. d4 exd4 5. Qxd4 d5 6. cxd5 cxd5 7. Nf3 Nc6 8. Qa4 Bc5 9. 0-0 0-0 10. Bg5 h6 11. Bxf6 Qxf6 12. Nc3 Be6 13. Ne1 Rad8 14. Nd3 Bd4 15. Rac1 Rfe8 16. Nf4 Qe5 17. Qb5 Bxc3 18. Rxc3 Rd7 19. Re3 Qb8 20. Rd1 d4 21. Nxe6 fxe6 22. Red3 e5 23. Bxc6 bxc6 24. Qxc6 Rd6 25. Qc4+ Kh8 26. R3d2 Rb6 27. b3 Rf6 28. Rc2 Ref8 29. f3 Qb6 30. Qd3 Re8 31. Rdc1 Rfe6 32. Rc8 Qb7 33. R8c7 Qa6 34. Qe4 Qxa2 35. Qg4 g6 36. Rf7 Qd2 37. Rcc7 1-0

[Event "LSS RM-2008-0-00002"]
[Site "LSS email"]
[Date "2008.01.08"]
[Round "?"]
[White "Sanz, Pablo"]
[Black "Simmelink, Joop Theo"]
[Result "1-0"]
[WhiteElo "2218"]
[BlackElo "2178"]
[PlyCount "71"]
[EventDate "2008.01.06"]
[EventType "tourn (corr)"]
[EventRounds "6"]
[EventCountry "GER"]
[SourceTitle "Corr 2011"]
[Source "ChessBase"]
[SourceDate "2010.08.31"]
[SourceVersion "1"]
[SourceVersionDate "2010.08.31"]
[SourceQuality "1"]

1. c4 Nf6 2. g3 g6 3. Bg2 d6 4. Nc3 Bg7 5. d3 c6 6. e4 0-0 7. Nge2 a6 8. 0-0 b5 9. h3 e5 10. Be3 Nbd7 11. Qc2 b4 12. Na4 c5 13. f4 Nh5 14. a3 a5 15. fxe5 Nxe5 16. Qd2 Bd7 17. b3 f5 18. exf5 Rxf5 19. g4 Rxf1+ 20. Rxf1 Nf6 21. d4 cxd4 22. Bxd4 Bxa4 23. bxa4 bxa3 24. Nf4 Rc8 25. g5 Ne8 26. Ne6 Qe7 27. Bd5 Kh8 28. Qxa5 a2 29. Qb6 Nc7 30. Qb7 Rf8 31. Rxf8+ Bxf8 32. c5 Nxe6 33. Qxe7 Bxe7 34. Bxe6 Bxg5 35. Bxa2 Bf6 36. c6 1-0